000 01185nam a22003377a 4500
003 CHAP
005 20220329132956.0
008 971013s1989 r 00010 d
010 _a848
011 _a1820
035 _a997
040 _cCHAP
090 _aTesis
100 _aRangel Galavíz, Jorge.
_994595
245 _aEstudio agrobiológico del mijo perla (Pennisitum americanum (L) Ieeke), bajo condiciones de riego, como alimento para el ganado ciclo primavera 1988
260 _aMarín, N. L. :
_bEl autor,
_c1989
300 _a73 h.
500 _a39-72
502 _aTesis (Ing. Agr. Zootecnista) -- Universidad Autónoma de Nuevo León. Facultad de Agronomía
590 _aALEPH
_b10
_c20130110
_lUCH01
_h1206
590 _aBATCH-UPD
_b10
_c20130110
_lUCH01
_h0044
590 _aBATCH-UPD
_b10
_c20130110
_lUCH01
_h2019
590 _aBATCH-UPD
_b10
_c20130410
_lUCH01
_h1337
590 _aBATCH-UPD
_b10
_c20130914
_lUCH01
_h1818
590 _aCONVERSION
_b10
_c20130109
_lUCH01
_h1302
650 1 4 _aAlimentos y alimentacion del ganado.
_94326
650 1 4 _aMijo perla como forraje.
_975686
901 _aBK
942 _cTESIS
949 _bBC
_cTES
_d-10458
_eTS1
_h22901
_i997
_si
999 _c848
_d848